000 00616nam a22002177a 4500
003 UA-OsUOA
001 45116
007 ta
008 20070327b un ||||| |||| 00| 0 ukr d
100 _aФрумкина Р.М.
090 _a101
_bФ-11
942 _cSA
040 _aUA-OsUOA
_brus
_cUA-OsUOA
_dUA-OsUOA
245 _aБез виновности виноватые: Карл Ясперс об исторической вине немецкого народа
300 _aС.93-96
955 _a0
041 _arus
080 _a101
773 0 _w45112
650 7 _a1 Філософські науки
_2UDC
999 _c331224
_d331224